[Event "VIII Primavera de Gros"]
[Site "Donostia-San Sebastian"]
[Date "2012.05.26"]
[Round "6"]
[White "Orube Bona, Andoni"]
[Black "Segovia Sanchez, Antonio"]
[Result "1/2-1/2"]
[WhiteElo "1788"]
[BlackElo "2051"]

1.d4 g6 2.c4 Bg7 3.Nc3 c6 4.e4 d6 5.Nf3 Bg4 6.Be2 Nd7 7.Be3 Bxf3 8.Bxf3 
Ngf6 9.O-O O-O 10.Qd2 Ne8 11.b4 Nc7 12.a4 a5 13.Rfb1 axb4 14.Rxb4 b6 15.e5
c5 16.Rbb1 Rb8 17.exd6 exd6 18.Bc6 Ne6 19.Nb5 Nf6 20.a5 Ng4 21.a6 1/2-1/2

[Event "VIII Primavera de Gros"]
[Site "Donostia-San Sebastian"]
[Date "2012.06.02"]
[Round "7"]
[White "Guijarro Galan, Jose Luis"]
[Black "Etxagibel Larranaga, Asier"]
[Result "1-0"]
[WhiteElo "2142"]
[BlackElo "2026"]

1.e4 c5 2.Nf3 g6 3.c3 Bg7 4.h3 d5 5.exd5 Qxd5 6.d4 Nc6 7.Be3 cxd4 8.cxd4 
Nf6 9.Nc3 Qa5 10.Bb5 O-O 11.Qa4 Qxa4 12.Bxa4 Nb4 13.O-O Bf5 14.a3 Nbd5 15.
Nxd5 Nxd5 16.Bb3 e6 17.Rac1 Rac8 18.Rxc8 Rxc8 19.Rc1 Rxc1+ 20.Bxc1 Be4 21.
Ne5 Nb6 22.Be3 Kf8 23.a4 Bd5 24.Bc2 Ke7 25.b3 f6 26.Nd3 Be4 27.f3 Bxd3 28.
Bxd3 Nd5 29.Kf2 f5 30.Ke2 Kd6 31.Bc4 a6 32.Bxd5 Kxd5 33.Kd3 Bf8 34.Bd2 Bd6
35.Be1 Bc7 36.Bc3 Bf4 37.Be1 Bc1 38.Bc3 h5 39.Be1 Bb2 40.Bf2 f4 41.Bg1 Ba3
42.Bf2 Bb4 43.Bh4 Ba5 44.Bg5 Bc7 45.Bf6 b5 46.axb5 axb5 47.Bg7 e5 48.dxe5 
Bxe5 49.Bxe5 Kxe5 50.Kc3 Kd5 51.Kb4 Kc6 52.Ka5 Kc5 53.b4+ Kc4 54.h4 Kd3 
55.Kxb5 Ke2 56.Kc4 Kf2 57.Kd3 Kxg2 58.Ke2 Kg3 59.b5 Kxh4 60.b6 Kg3 61.b7 
h4 62.b8=Q h3 63.Qe5 Kh2 64.Qxf4+ Kg2 65.Qg4+ Kh2 66.Kf2 1-0

[Event "VIII Primavera de Gros"]
[Site "Donostia-San Sebastian"]
[Date "2012.06.02"]
[Round "7"]
[White "Ros Eskisabel, Jose Ramon"]
[Black "Izquierdo Arruferia, Joseba"]
[Result "1-0"]
[WhiteElo "2100"]
[BlackElo "1826"]

1.Nf3 e6 2.c4 Nf6 3.g3 b6 4.Bg2 Bb7 5.O-O Be7 6.d4 O-O 7.Nc3 d5 8.Ne5 Nbd7
9.Qa4 Nxe5 10.dxe5 Nd7 11.cxd5 Nxe5 12.d6 Bxg2 13.dxe7 Qxe7 14.Kxg2 f5 15.
Bf4 Nf7 16.Rad1 Rfd8 17.Rxd8+ Nxd8 18.Rd1 c6 19.Qd4 1-0

[Event "VIII Primavera de Gros"]
[Site "Donostia-San Sebastian"]
[Date "2012.06.02"]
[Round "7"]
[White "Ortega Lopez, Mikel"]
[Black "Galarza Cenzano, Inigo"]
[Result "1-0"]
[WhiteElo "1793"]
[BlackElo "2002"]

1.e4 e5 2.Nf3 Nc6 3.Bb5 a6 4.Ba4 Nf6 5.O-O Be7 6.Re1 b5 7.Bb3 d6 8.c3 O-O 
9.d3 Na5 10.Bc2 c5 11.Nbd2 Nd7 12.Nf1 Bf6 13.Ng3 g6 14.Bh6 Re8 15.h3 Nc6 
16.Qd2 Nb6 17.Rad1 a5 18.Nh2 a4 19.Rf1 Ra7 20.Qe2 Bg7 21.Bxg7 Kxg7 22.f4 
exf4 23.Rxf4 Qg5 24.Qf2 Be6 25.a3 Ne5 26.Rf1 Ree7 27.Ne2 h5 28.d4 Nec4 29.
h4 Qh6 30.dxc5 dxc5 31.Qxc5 Kg8 32.Nd4 Qg7 33.Qxb5 Qe5 34.Qxe5 Nxe5 35.
Nhf3 Nxf3+ 36.R4xf3 Rac7 37.Nxe6 Rxe6 38.Rf6 Rxf6 39.Rxf6 Nc4 40.Bxa4 Nxb2
41.Rc6 Ra7 42.Bb5 Rxa3 43.c4 Nd3 44.Rc8+ Kg7 45.c5 Ra1+ 46.Kh2 Ne5 47.c6 
Rc1 48.Ra8 Rc3 49.Kg1 Rc1+ 50.Kh2 Rc3 51.Kg1 Rc1+ 52.Kh2 Ng4+ 53.Kg3 Ne5 
54.Ra7 Nxc6 55.Rc7 Nd4 56.Rxc1 Nxb5 57.Kf4 Nd4 58.Ke5 Ne6 59.Rc6 Nf8 60.
Rc8 Nh7 61.Kd6 g5 62.Rc5 gxh4 63.Rxh5 Kg6 64.Rxh4 Ng5 65.Rg4 f5 66.Rxg5+ 
Kxg5 67.e5 1-0

[Event "VIII Primavera de Gros"]
[Site "Donostia-San Sebastian"]
[Date "2012.06.02"]
[Round "7"]
[White "Tholey, Jean-Paul"]
[Black "Fuente San Sebastian, Ernesto"]
[Result "1/2-1/2"]
[WhiteElo "1978"]
[BlackElo "1906"]

1.d4 Nf6 2.Nf3 b5 3.g3 Bb7 4.Bg2 e6 5.O-O c5 6.c3 d5 7.Re1 Bd6 8.Nbd2 O-O 
9.e4 dxe4 10.Ng5 Nc6 11.dxc5 Bxc5 12.Ngxe4 Be7 13.Qe2 a6 14.Nxf6+ Bxf6 15.
Ne4 Be7 16.Be3 Qc7 17.Nc5 Bxc5 18.Bxc5 Ne7 19.Bxb7 Qxb7 20.Red1 Rfd8 21.
Rd3 Nc6 22.Rad1 Rxd3 23.Qxd3 h6 24.Qd7 Qxd7 25.Rxd7 Ne5 26.Rd1 Rc8 27.Bb4 
g5 28.Kg2 g4 29.b3 Kh7 30.Rd6 Rc6 31.Rd8 Rc7 32.Bd6 Rd7 33.Rxd7 Nxd7 34.h3
h5 35.hxg4 hxg4 36.Kf1 Kg6 37.Ke2 Kf5 38.Kd3 e5 39.c4 Ke6 40.Bb4 f5 41.
cxb5 axb5 42.a4 bxa4 43.bxa4 Kd5 44.a5 f4 45.a6 e4+ 46.Ke2 fxg3 47.fxg3 
Nb6 48.Ke3 Ke5 49.Bc3+ Kd5 50.Kf4 Na8 51.Kxg4 Kc4 52.Be1 Kb5 53.a7 e3 54.
Kf5 Ka6 55.g4 Kxa7 56.g5 Nc7 57.g6 Ne8 58.Bc3 e2 59.Ke6 Ng7+ 60.Ke5 Kb7 
61.Ke4 1/2-1/2

[Event "VIII Primavera de Gros"]
[Site "Donostia-San Sebastian"]
[Date "2012.06.02"]
[Round "7"]
[White "Rodriguez Cabrera, Fco  Javier"]
[Black "Puga Senar, Fernando"]
[Result "1-0"]
[WhiteElo "1970"]
[BlackElo "1788"]

1.e4 e6 2.d4 d5 3.Nc3 Nf6 4.Bg5 Be7 5.e5 Nfd7 6.Bxe7 Qxe7 7.Qh5 a6 8.O-O-O
c5 9.f4 Nc6 10.dxc5 Nxc5 11.Nf3 b5 12.Bd3 Nxd3+ 13.Rxd3 Bd7 14.f5 O-O-O 
15.Rhd1 Be8 16.Qg4 Bd7 17.Qf4 Qc5 18.Ng5 Rdf8 19.Nce4 dxe4 20.Rxd7 e3 21.
Qe4 e2 22.Qxe2 Nxe5 23.Ne4 Nxd7 24.Nxc5 Nxc5 25.Qe5 Nb7 26.Rd3 1-0

[Event "VIII Primavera de Gros"]
[Site "Donostia-San Sebastian"]
[Date "2012.06.02"]
[Round "7"]
[White "Elizondo Market, Juan Marcos"]
[Black "Olabe Odriozola, Eduardo"]
[Result "1/2-1/2"]
[WhiteElo "1865"]
[BlackElo "1932"]

1.e4 d5 2.exd5 Nf6 3.Bb5+ Bd7 4.Be2 Nxd5 5.d4 g6 6.Nf3 Bg7 7.O-O O-O 8.c4 
Nb4 9.Qb3 c5 10.a3 N4a6 11.d5 Qc8 12.Bf4 e6 13.Nc3 exd5 14.Nxd5 Nc6 15.
Rfd1 Re8 16.Rd2 Be6 17.Rad1 h6 18.h3 g5 19.Bh2 f5 20.Qd3 f4 21.Qg6 Rf8 22.
Bd3 Bf5 23.Bxf5 Qxf5 24.Qxc6 bxc6 25.Ne7+ Kh8 26.Nxf5 Rxf5 27.Rd8+ Rxd8 
28.Rxd8+ Rf8 29.Rd7 Rb8 30.Rxa7 Rxb2 31.g3 Rb3 32.Rxa6 Rxf3 33.gxf4 Bd4 
34.fxg5 hxg5 35.Bd6 Rxf2 36.Kh1 Rc2 37.Rxc6 Rxc4 38.a4 Rc1+ 39.Kg2 c4 40.
Kf3 c3 41.Ke4 c2 42.Ba3 1/2-1/2

[Event "VIII Primavera de Gros"]
[Site "Donostia-San Sebastian"]
[Date "2012.06.02"]
[Round "7"]
[White "Fernandez Zubitur, Jokin"]
[Black "Sanchez Ruesga, Carlos"]
[Result "0-1"]
[WhiteElo "1927"]
[BlackElo "1436"]

1.e4 c5 2.Nc3 Nc6 3.g3 Nf6 4.Bg2 e6 5.d3 Be7 6.f4 d6 7.Nf3 Rb8 8.O-O Bd7 
9.h3 h5 10.e5 Nd5 11.Nxd5 exd5 12.Re1 dxe5 13.Nxe5 Be6 14.Ng6 fxg6 15.Rxe6
Kf7 16.Re1 Re8 17.f5 Qd7 18.fxg6+ Kxg6 19.c4 Bf6 20.Rxe8 Rxe8 21.cxd5 Nb4 
22.Be4+ Rxe4 23.dxe4 Qxh3 24.Qf3 Bd4+ 25.Be3 Bxe3+ 26.Qxe3 Nc2 27.Qd3 Nxa1
28.d6 c4 29.Qc3 Qg4 30.e5 b5 31.Kf2 Kf7 32.Qe3 Qf5+ 33.Kg2 Qc2+ 34.Kh3 
Qf5+ 35.Kg2 Ke6 36.Qxa7 Qe4+ 37.Kh2 Qe2+ 38.Kh3 Qf1+ 39.Kh4 Qf7 40.Qxf7+ 
Kxf7 41.Kxh5 b4 42.d7 Ke7 43.Kg6 Nc2 44.d8=Q+ Kxd8 45.Kf5 Ke7 46.Ke4 Ke6 
47.g4 g5 48.a4 bxa3 49.bxa3 Nxa3 50.Kd4 c3 0-1

[Event "VIII Primavera de Gros"]
[Site "Donostia-San Sebastian"]
[Date "2012.06.02"]
[Round "7"]
[White "Aranzabal Minguez, Alex"]
[Black "Abalia Patino, Aritz"]
[Result "0-1"]
[WhiteElo "1913"]
[BlackElo "1599"]

1.e4 c5 2.Nc3 e6 3.f4 Nc6 4.Nf3 Be7 5.Bb5 Qc7 6.d3 d6 7.O-O Nf6 8.Bxc6+ 
bxc6 9.e5 Nd5 10.Ne4 dxe5 11.fxe5 Ba6 12.c4 Nb6 13.Bg5 Bxg5 14.Nd6+ Ke7 
15.Nxg5 f6 16.Qh5 Raf8 17.Nxh7 Nd7 18.Qg6 Nxe5 19.Nf5+ exf5 20.Qxg7+ Kd6 
21.Qxc7+ Kxc7 22.Nxf8 Rxf8 23.Rxf5 Nxd3 24.b3 Bc8 25.Rh5 Kb6 26.h3 Rg8 27.
g4 f5 28.Rd1 Nf4 29.Rh6 fxg4 30.h4 g3 31.Rdd6 Re8 32.Rxc6+ Kb7 0-1

[Event "VIII Primavera de Gros"]
[Site "Donostia-San Sebastian"]
[Date "2012.06.02"]
[Round "7"]
[White "Izagirre Alsua, Aritz"]
[Black "Lakunza Oyarbide, Juan Carlos"]
[Result "0-1"]
[WhiteElo "1828"]
[BlackElo "2111"]

1.e4 e5 2.Nf3 Nc6 3.Bc4 Bc5 4.c3 Qe7 5.d3 Nf6 6.Nbd2 a6 7.Bb3 d6 8.O-O Be6
9.Bc2 h6 10.Re1 Ng4 11.Re2 Ba7 12.Nf1 O-O-O 13.b4 f5 14.a4 fxe4 15.dxe4 
Rdf8 16.Ne3 Nxe3 17.Bxe3 Bg4 18.Bxa7 Bxf3 19.gxf3 Nxa7 20.Qd3 Rf4 21.b5 a5
22.Rb1 b6 23.Bb3 Rhf8 24.Re3 Kd7 25.Kf1 Qf6 26.Ke2 Nc8 27.Rg1 Ne7 28.Rg3 
g5 29.Ba2 Rh4 30.h3 Qg6 31.Bb3 Rf6 32.Bd5 Qh5 33.Bb3 Rxh3 34.Rxh3 Qxh3 35.
c4 Ng6 36.Qc3 Nf4+ 37.Kd2 Qf1 38.c5 Qxf2+ 39.Kc1 dxc5 40.Bd5 Ne2+ 41.Rxe2 
Qxe2 42.Qxe5 Qe3+ 43.Kb1 Qd3+ 44.Kc1 Qf1+ 45.Kc2 Qf2+ 46.Kc1 Qd4 47.Bc6+ 
Rxc6 48.bxc6+ Kxc6 49.Qe8+ Kb7 50.e5 c4 51.e6 c3 52.Qd7 Qd2+ 53.Qxd2 cxd2+
54.Kxd2 Kc6 0-1

[Event "VIII Primavera de Gros"]
[Site "Donostia-San Sebastian"]
[Date "2012.06.02"]
[Round "7"]
[White "Santos Zunzunegi, Iban"]
[Black "Cantabrana Garona, Alejandro"]
[Result "1/2-1/2"]
[WhiteElo "1937"]
[BlackElo "1820"]

1.e4 g6 2.d4 Bg7 3.f4 d6 4.Nf3 a6 5.Bd3 b5 6.O-O Nd7 7.f5 Bb7 8.fxg6 hxg6 
9.e5 dxe5 10.Ng5 Ndf6 11.Qe2 Qxd4+ 12.Be3 Qg4 13.Bxb5+ c6 14.Bc4 Qxe2 15.
Bxe2 Nh6 16.Nc3 Nd5 17.Bd2 Nxc3 18.Bxc3 O-O 19.Ba5 Nf5 20.c3 c5 21.Bc4 e6 
22.Rfe1 Bd5 23.Bf1 Bh6 24.Ne4 Ne3 25.Nxc5 Nc2 26.Nd7 Nxa1 27.Nxf8 Nc2 28.
Re2 Ne3 29.Nd7 Nxf1 30.Nf6+ Kg7 31.Nxd5 exd5 32.Kxf1 Kf6 33.a4 Ke6 34.b4 
Bf8 1/2-1/2

[Event "VIII Primavera de Gros"]
[Site "Donostia-San Sebastian"]
[Date "2012.06.02"]
[Round "7"]
[White "Arana Garate, Jon"]
[Black "Saenz Zabala, Juan Ignacio"]
[Result "1-0"]
[WhiteElo "1925"]
[BlackElo "1794"]

1.d4 e6 2.Nf3 f5 3.Bg5 Nf6 4.c4 Bb4+ 5.Nbd2 O-O 6.a3 Be7 7.e3 Ne4 8.Bxe7 
Qxe7 9.Bd3 d5 10.Ne5 Nd7 11.Ndf3 c6 12.O-O g5 13.b4 g4 14.Nxd7 Bxd7 15.Ne5
Be8 16.Bxe4 dxe4 17.g3 Rd8 18.Qb3 Qf6 19.c5 a6 20.Nc4 Kg7 21.Nd6 Qe7 22.a4
Qd7 23.Rfb1 b5 24.axb5 axb5 25.Ra6 Bf7 26.Rba1 e5 27.Qc3 exd4 28.Qxd4+ Kg6
29.Nxb5 Qxd4 30.Nxd4 Bd5 31.b5 Rf6 32.b6 h5 33.Ra7 Rb8 34.Rc7 Kg5 35.Raa7 
Rg6 36.b7 Rgg8 37.Nxc6 Bxc6 38.Rxc6 Rg7 39.Rb6 1-0

[Event "VIII Primavera de Gros"]
[Site "Donostia-San Sebastian"]
[Date "2012.06.02"]
[Round "7"]
[White "Ezkerro Hernandez, Pablo"]
[Black "Tung, Siu Hung"]
[Result "0-1"]
[WhiteElo "1693"]
[BlackElo "1908"]

1.e4 d6 2.d4 Nf6 3.Nc3 g6 4.Nf3 Bg7 5.Be2 O-O 6.O-O c6 7.Bg5 Qc7 8.Qd2 e5 
9.dxe5 dxe5 10.Rad1 b5 11.Qd6 Ne8 12.Qe7 Be6 13.Rd8 h6 14.Rxe8 Qxe7 15.
Bxe7 Rxe8 0-1

[Event "VIII Primavera de Gros"]
[Site "Donostia-San Sebastian"]
[Date "2012.06.02"]
[Round "7"]
[White "Salgado Cea, Gorka"]
[Black "Navascues Zabaleta, Jesus"]
[Result "1/2-1/2"]
[WhiteElo "1889"]
[BlackElo "1755"]

1.e4 c5 2.Nc3 d6 3.g3 Nf6 4.Bg2 e6 5.f4 g6 6.Nf3 Bg7 7.d3 O-O 8.h3 Nc6 9.
Be3 Rb8 10.O-O b5 11.Rb1 b4 12.Ne2 a5 13.g4 a4 14.Nh2 Na5 15.Ng3 c4 16.g5 
Nd7 17.f5 exf5 18.exf5 Be5 19.Qf3 cxd3 20.cxd3 Ba6 21.Rfd1 Bb7 22.Qf2 Re8 
23.Ng4 Qc7 24.Nh6+ Kg7 25.fxg6 fxg6 26.Rdc1 Qd8 27.Ne2 Qe7 28.Ng4 Kg8 29.
d4 Bg7 30.Nf4 Bxg2 31.Qxg2 Qe4 32.Qc2 Bxd4 33.Qxe4 Rxe4 34.Bxd4 Rxd4 35.
Ne6 Re4 36.Nh6+ Kh8 37.Nf7+ 1/2-1/2